| 000 | 00641nam a2200181Ia 4500 | ||
|---|---|---|---|
| 008 | 100920s9999 xx 000 0 und d | ||
| 082 |
_b25387 _a28 व 891,43 थ 72 |
||
| 100 | _aड्रयूमा त्र्प्रलेक्जेंडर. | ||
| 245 | _aकाला फूल. | ||
| 260 |
_bशिक्षा भारती, कश्मीरी गेट, दिल्ली,6. _c1972 |
||
| 300 |
_a83 _bसाधी |
||
| 365 | _b2 | ||
| 520 | _aबा.वि.हिंदी. | ||
| 630 | _aकाला फूल. | ||
| 650 | _aबा.वि.हिंदी. | ||
| 730 | _aकाला फूल. | ||
| 942 | _cBOOK | ||
| 999 |
_c683269 _d683266 |
||